| 000 | 00863nam a2200193Ii 4500 | ||
|---|---|---|---|
| 003 | JO-AjNU | ||
| 008 | 230605s9999||||xx |||||||||||||| ||und|| | ||
| 040 |
_aJO-AjNU _bara _erda _cJO-AjNU |
||
| 041 | _aara | ||
| 050 | 1 | 4 | _aHV43 .I626 |
| 100 | 3 |
_aبشير، اقبال محمد / م.مشارك اقبال ابراهيم مخلوف, _eauthor _939999 |
|
| 245 | 0 | 0 | _a الاعتبارات النظرية لممارسة الخدمة الاجتماعية في العمل مع الأفراد |
| 264 | 3 | 1 | _aالاسكندرية: المكتب الجامعي الحديث |
| 300 |
_a338ص _bيحتوي على ببلوغرافية من 331-338ص |
||
| 336 |
_atext _btxt _2rdacontent |
||
| 337 |
_aunmediated _bn _2rdamedia |
||
| 338 |
_avolume _bnc _2rdacarrier |
||
| 650 | 4 |
_aالخدمة الاجتماعية - العمل الجماعي - خدمة الفرد _940000 |
|
| 999 |
_aA16939 _c20507 _d20507 |
||